[Event "GER CupT"]
[Site "Germany"]
[Date "2010.02.20"]
[Round "1"]
[White "Dorst, Johannes"]
[Black "Koch, Stefan"]
[Result "1/2-1/2"]
[WhiteElo "2254"]
[BlackElo "1965"]
[PlyCount "97"]
[EventDate "2010.02.20"]
[EventType "team-tourn"]
[EventRounds "2"]
[EventCountry "GER"]
[SourceTitle "CBM 135 Extra"]
[Source "ChessBase"]
[SourceDate "2010.05.04"]
[SourceVersion "1"]
[SourceVersionDate "2010.05.04"]
[SourceQuality "1"]

1. e4 d5 2. exd5 Qxd5 3. Nc3 Qd6 4. d4 Nf6 5. Be3 c6 6. Qd2 Bf5 7. Nf3 e6 8. Ne5 Nbd7 9. Nc4 Qc7 10. Bf4 Qd8 11. Nd6+ Bxd6 12. Bxd6 Nb6 13. Ba3 Qc7 14. 0-0-0 0-0-0 15. f3 h6 16. Qe3 Rhe8 17. Qe5 Nbd7 18. Qxc7+ Kxc7 19. Bd3 Bxd3 20. Rxd3 Nb6 21. b3 Nbd5 22. Nxd5+ Rxd5 23. c4 Rg5 24. g3 h5 25. Kc2 b5 26. Bc1 bxc4 27. bxc4 Ra5 28. a3 Nd7 29. Bd2 Rf5 30. Re1 Nb6 31. Bf4+ Kd7 32. Rb3 c5 33. Rd1 cxd4 34. Rxd4+ Ke7 35. Bd6+ Kf6 36. c5 Rc8 37. Kd2 Nd7 38. g4 hxg4 39. fxg4 Rd5 40. Rxd5 exd5 41. Rf3+ Kg6 42. Rc3 Nf6 43. Rd3 Ne4+ 44. Ke3 Nxc5 45. Rxd5 Rd8 46. Kd4 Ne6+ 47. Kc4 Rd7 48. a4 Rb7 49. h4 1/2-1/2